|
|
|
|
| LEADER |
00000nab a2200000 a 4500 |
| 001 |
vtls000923626 |
| 003 |
SK-MaSNL |
| 005 |
20260303204530.0 |
| 008 |
140515e19980000xo 0 slo |
| 035 |
|
|
|a KE32503
|
| 040 |
|
|
|a KEVKJB
|b slo
|c KEVKJB
|e AACR2
|
| 041 |
0 |
|
|a slo
|
| 044 |
|
|
|a xo
|c SK
|
| 080 |
|
|
|a 636.2.082.35
|2 1981
|
| 100 |
1 |
|
|a Pavlík, Václav
|4 aut
|9 7223
|
| 245 |
1 |
0 |
|a Uplatnenie systému výkrmu býčkov pasienkovým spôsobom na Východoslovenskej nížine
|
| 610 |
2 |
7 |
|a Poľnohospodárske družstvo (Choňkovce, Slovensko)
|2 SNKKA
|9 1062856
|
| 610 |
2 |
7 |
|a Výskumný ústav živočíšnej výroby Nitra, Regionálna stanica, Košice
|2 SNKKA
|9 1238372
|
| 650 |
0 |
7 |
|a hovädzí dobytok
|2 SNKPH
|9 2818
|
| 650 |
0 |
7 |
|a býčky
|2 SNK
|9 939803
|
| 650 |
0 |
7 |
|a plemená zvierat
|2 SNKPH
|9 4381
|
| 650 |
0 |
7 |
|a pastevný výkrm
|2 SNK
|9 1238373
|
| 650 |
0 |
7 |
|a hematologický profil
|2 SNK
|9 1238374
|
| 650 |
0 |
7 |
|a výskum
|2 SNKPH
|9 4238
|
| 651 |
|
7 |
|a Východoslovenská nížina (Slovensko)
|2 SNKPHgeo
|9 19595
|
| 651 |
|
7 |
|a Choňkovce (Slovensko)
|2 SNKPHgeo
|9 31366
|
| 710 |
2 |
|
|a Poľnohospodárske družstvo (Choňkovce, Slovensko)
|4 aut
|9 1062856
|
| 710 |
2 |
|
|a Výskumný ústav živočíšnej výroby Nitra, Regionálna stanica (Košice, Slovensko)
|4 aut
|9 1238375
|
| 773 |
0 |
8 |
|t Poľnohospodárstvo
|g Roč. 44, č.9 (1998), s. 699-708
|
| 852 |
|
|
|a ZVYKNI
|b KIS3GCP
|
| 999 |
|
|
|c 2190432
|d 2192362
|